• Krynicz J.

di Personal Name

Records bibliografici associati: 1

001 - CONTROL NUMBER

  • control field: 24889

003 - CONTROL NUMBER IDENTIFIER

  • control field: IT-RoPau

005 - DATE AND TIME OF LATEST TRANSACTION

  • control field: 20140514114917.0

008 - FIXED-LENGTH DATA ELEMENTS

  • fixed length control field: 140514|| aca||aabn | a|a d

040 ## - CATALOGING SOURCE

  • Original cataloging agency: IT-RoPau
  • Transcribing agency: IT-RoPau

100 ## - HEADING--PERSONAL NAME

  • Personal name: Krynicz J.
  • Miscellaneous information: Codice autore testo/musica SPICS: 25528
  • Relator term: Autore testo/musica
  • Name of part/section of a work: Wrocimy Kiedys Znow

670 ## - SOURCE DATA FOUND

  • Source citation: Work cat.: (IT-RoPau)99633: AA.VV. 794, Z Archiwum Polskiego Beatu vol. 12 (Lp Sx 2397)
CREDITS: SOCIETA' SAN PAOLO Via A.Severo, 58 - ROMA (RM) & PERIODICI SAN PAOLO SRL Via Giotto, 36 MILANO & CISF Via Giotto, 36 MILANO & EDIZIONI SAN PAOLO SRL,  Piazza Soncino, 5 CINISELLO BALSAMO (MI) -- ITALY